[Event "WJCC U20 Girls 2019"]
[Site "New Delhi"]
[Date "2019.10.17"]
[Round "3.27"]
[White "Afraoui, Anaelle"]
[Black "Srimathi R"]
[Result "1-0"]
[WhiteElo "2106"]
[BlackElo "1914"]
[Annotator "TA"]
[PlyCount "143"]
[EventDate "2019.10.15"]
[EventType "swiss"]
[EventCountry "IND"]
[SourceTitle "playchess.com"]
[Source "ChessBase"]
[SourceQuality "1"]

{[%evp 22,143,0,0,60,52,105,74,65,37,91,60,116,93,155,163,170,64,67,51,79,73,76,62,62,8,81,91,103,40,44,52,41,46,40,19,122,108,109,12,95,0,70,0,0,0,18,8,8,0,51,0,37,37,46,0,0,0,0,0,35,46,46,9,46,51,65,69,95,88,75,85,74,77,814,892,814,814,625,114,116,134,126,128,121,122,126,123,162,162,162,162,389,389,295,295,327,295,388,385,295,291,291,291,291,291,291,291,333,326,313,276,2689,2540,1796,1891,6119,4812,29979,29980,29980,29981,29978,29979]} 1. e4 c5 2. Nf3 Nc6 3. d4 cxd4 4. Nxd4 g6 5. c4 Bg7 6. Be3 Nf6 7. Nc3 Ng4 8. Qxg4 Nxd4 9. Qd1 Ne6 10. Qd2 Qa5 11. Be2 Bxc3 12. bxc3 Qe5 {B39: Sicilian: Maroczy Bind with 5...Bg7 and 7...Ng4} (12... b6 $11) (12... d6 13. O-O Qc7 14. f4 b6 15. f5 Nd8 16. Bd4 f6 17. Qh6 Nf7 18. Qg7 g5 19. h4 gxh4 20. Bh5 {½-½ (33) Lentjes,N (2250)-Pijpers,A (2473) Leiden 2016}) 13. O-O $146 ({Predecessor:} 13. f3 d6 14. Bd4 Nxd4 15. cxd4 Qf6 16. O-O O-O 17. f4 Bd7 18. Qe3 Qg7 19. e5 dxe5 20. fxe5 {1-0 (48) Sorin,B (2212)-Daumens,M (2148) France 2012}) 13... g5 (13... Qc7 $14) 14. Bg4 h6 {White is better.} 15. Bf5 d6 (15... Rg8 $14) 16. Rab1 Qg7 (16... b6 $1 $14) 17. Bxe6 fxe6 (17... Bxe6 $142 18. Rxb7 Rc8 19. Rxa7 Rxc4) 18. c5 $16 dxc5 19. Bxc5 (19. f4 $1 $18 {[%cal Rf4g5]} b6 20. fxg5) 19... b6 $14 20. Be3 Bb7 21. Rb4 Bc6 22. Rd1 O-O 23. h4 ({White should try} 23. h3 $14) 23... Kh7 (23... Rad8 $11 24. Qxd8 Rxd8 25. Rxd8+ Kf7) 24. hxg5 $16 hxg5 25. Bxg5 (25. e5 $16) 25... Rad8 $1 $14 {[%cal Rd8d2]} 26. Rd4 Rxd4 27. cxd4 {Black must now prevent Qe3.} Bxe4 28. Re1 Rf5 (28... Qg6 $11 {remains equal.}) 29. f4 Bd5 30. Rc1 ({Better is} 30. Re3 $16) 30... Rf7 (30... Kg8 $11 {keeps the balance.}) 31. Rc7 (31. Rc3 $1 $16) 31... a6 (31... Kg8 $11) 32. a3 (32. Rc3 $14) 32... Qg6 $11 33. Qe3 Qh5 34. Qd3+ Qg6 35. Qh3+ Kg7 (35... Kg8 $11) 36. Qe3 (36. Rc8 $14 Qb1+ 37. Kh2) 36... Qb1+ 37. Kh2 Qh7+ 38. Kg3 Qh1 39. Qe5+ Kh7 40. Qe2 Kg7 41. Bh4 Kh6 $1 42. Rc8 Rh7 43. Re8 $36 {[%mdl 2048] White fights for an advantage.} Rg7+ 44. Bg5+ $1 Kh7 45. Qc2+ Rg6 46. Rxe7+ Kh8 47. Qe2 {Intending Qe5+ and mate.} (47. Qxg6 {gets mated.} Qxg2+ 48. Kh4 Qf2+ 49. Kh5 Bf3+ 50. Kh6 Qh2+ 51. Bh4 Qxh4+ 52. Qh5 Qxh5#) 47... Rg7 $2 {[%mdl 8192]} (47... Kg8 $16) 48. Re8+ $18 Kh7 49. Qc2+ Rg6 50. Rf8 $2 ({Not} 50. Re7+ Kh8 $16) (50. Rd8 $18 {And now Rd7+ would win.} Qe1+ 51. Kh2) 50... Qe1+ $16 51. Kh2 {Rf7+ would kill now.} Qe4 52. Qxe4 $1 Bxe4 {[%mdl 4096] Endgame KRB-KRB} 53. Rb8 b5 54. Rb6 e5 55. Rxg6 Kxg6 56. dxe5 $18 {Threatens to win with g4. KB-KB} Bf5 $2 (56... Kh5 {is a better defense.} 57. Kg3 a5) 57. Kg3 Kh5 {[#]} 58. Bd8 $1 Be6 59. Ba5 Bd7 60. Be1 Be6 61. Kf3 Bd5+ {[#]} 62. Kf2 $1 Kg4 63. g3 Be6 64. Ke3 Kf5 65. Kd4 Kg4 66. Kc5 {Kd6 is the strong threat.} Kf5 $2 (66... Kh5 67. Kd6 Bf5) 67. Kd6 Bc4 68. Bd2 Kg4 69. e6 {[%cal Be5e6,Be6e7][%mdl 32]} Kf5 70. e7 {White mates.} Bf7 71. Kd7 Be6+ 72. Kd8 {Accuracy: White = 47%, Black = 34%.} 1-0

[Event "WJCC U20 Girls 2019"]
[Site "New Delhi"]
[Date "2019.10.17"]
[Round "3.28"]
[White "Noshin, Anjum"]
[Black "Dwilewicz, Katarzyna"]
[Result "0-1"]
[WhiteElo "1793"]
[BlackElo "2106"]
[Annotator "TA"]
[PlyCount "130"]
[EventDate "2019.10.15"]
[EventType "swiss"]
[EventCountry "IND"]
[SourceTitle "playchess.com"]
[Source "ChessBase"]
[SourceQuality "1"]

{[%evp 19,130,36,36,24,41,44,33,38,46,35,35,40,55,67,70,62,64,20,90,97,102,-21,-20,-68,-68,-96,-71,-71,48,44,59,57,72,0,47,50,140,-148,-126,-153,-247,-153,-159,-183,-106,-163,-168,-212,-39,-165,-160,-251,-212,-213,-210,-308,-290,-504,-504,-2234,-2221,-2177,-1848,-988,-233,-227,-226,-222,-66,-464,-475,-450,-425,-872,-872,-872,-872,-872,-872,-872,-872,-872,-872,-872,-872,-872,-872,-831,-677,-770,-695,-644,-545,-476,-460,-452,-452,-452,-446,-436,-388,-388,-298,-703,-685,-677,-670,-644,-618,-614,-609,-530,-499]} 1. e4 c5 2. Nf3 e6 3. d4 cxd4 4. Nxd4 Nc6 5. Nc3 Qc7 6. f4 a6 7. Nxc6 Qxc6 8. Bd3 b5 9. Qe2 Bb7 10. Bd2 Bc5 11. O-O-O {B47: Sicilian: Taimanov: 5 Nc3 Qc7 6 f4, 6 g3 and 6 Be2} Ne7 12. a3 Rc8 13. Kb1 {White is slightly better.} O-O 14. Qh5 f6 15. g4 d6 $146 ({Predecessor:} 15... Rf7 16. Rhe1 Qb6 17. f5 Bd4 18. Ne2 Be5 {1-0 (39) Naiditsch,A (2712)-Bryzgalin,K (2467) Warsaw 2011}) 16. Rhf1 Qe8 17. Qh3 Ng6 18. Rde1 e5 (18... b4 $11 {keeps the balance.} 19. axb4 Bxb4) 19. f5 $16 Nf4 20. Qf3 ({Only move:} 20. Bxf4 $16 {Bd2 is the strong threat.} exf4 21. Ne2) 20... b4 $11 21. axb4 Bxb4 22. h4 d5 $36 {[%mdl 2048] Threatens to win with ...d4. Black is in control.} 23. Bxf4 d4 (23... exf4 $17 24. exd5 Qd8 25. Qxf4 Bxc3 26. bxc3 Bxd5) 24. Ne2 Bxe1 25. Rxe1 {aiming for Bd2.} exf4 26. Nxd4 (26. Nxf4 $16 Rc5 27. b3) 26... Qa4 27. Ne6 Rfe8 (27... Rf7 $14) 28. Qxf4 $2 {[%mdl 8192] [#]} (28. Rg1 $16 {stays on course.}) 28... Bd5 $1 $17 {[%mdl 512]} 29. Qd6 (29. exd5 Qxf4) 29... Qa2+ 30. Kc1 Bxe6 31. fxe6 Rxe6 (31... Qa1+ $19 32. Kd2 Qxb2) 32. Qb4 (32. Qd4 $17) 32... a5 $19 33. Qb7 {[#]} Rec6 $2 (33... Ree8 $1 $19 {Hoping for ...Rb8.} 34. Kd2 Rb8) 34. Kd2 ({White should play} 34. e5 $15) 34... Qe6 35. g5 (35. Qb3 $17 {is a better defense.}) 35... fxg5 36. hxg5 Qe5 37. Qb3+ (37. Rf1 $142 Qxg5+ 38. Kd1) 37... Kh8 38. Qd5 $2 (38. Kc1) 38... Qxb2 {[%cal Rc6c2]} 39. Rh1 (39. Qb3 $142 Qe5 40. Rf1) 39... Rxc2+ 40. Bxc2 Rxc2+ {[%mdl 4096] Endgame KQR-KQR} 41. Ke3 Re2+ $2 (41... Qa3+ 42. Kf4 Rf2+ 43. Ke5 Qe7+ {[%mdl 64] Double Attack} 44. Qe6 Qxg5+ 45. Kd4 Qd2+ 46. Ke5 Qg5+ 47. Kd4 Qd8+ 48. Ke5 Qg5+) 42. Kf4 {[%cal Rd5d8]} Rf2+ 43. Kg3 {White threatens Qd8+ and mate.} Rf8 $2 {[#]} ({Better is} 43... Rg2+ $19 44. Kh3 h6) 44. Qc5 $2 {[%mdl 8192]} (44. Rf1 $1 $15 {[%mdl 512]} Qc3+ (44... Rxf1 45. Qd8+) 45. Kg2) 44... Qb3+ 45. Kh2 Qf3 {( -> ...Qe2+)} 46. Rg1 (46. Rb1 $142) 46... Qh5+ 47. Kg2 Qg4+ 48. Kh2 Qh4+ 49. Kg2 Qxe4+ 50. Kh2 Qh4+ 51. Kg2 Qg4+ 52. Kh2 Qh5+ 53. Kg2 Qf3+ 54. Kh2 Qf2+ 55. Qxf2 Rxf2+ {KR-KR} 56. Kg3 Rf8 57. Ra1 Ra8 58. Ra4 Kg8 59. Kf4 Kf7 60. Kf5 Ra6 61. Ke5 $2 (61. g6+ hxg6+ 62. Ke5) 61... Kg6 {Black is clearly winning.} 62. Kf4 Ra8 63. Kg4 Ra7 64. Kf4 Rf7+ 65. Kg4 Rf5 {Accuracy: White = 28%, Black = 55%.} 0-1

[Event "WJCC U20 Girls 2019"]
[Site "New Delhi"]
[Date "2019.10.17"]
[Round "3.29"]
[White "Kairbekova, Amina"]
[Black "Mungunzul, Bat-Erdene"]
[Result "1-0"]
[WhiteElo "2096"]
[BlackElo "1912"]
[Annotator "NA"]
[PlyCount "81"]
[EventDate "2019.10.15"]
[EventType "swiss"]
[EventCountry "IND"]
[SourceTitle "playchess.com"]
[Source "ChessBase"]
[SourceQuality "1"]
[TimeControl "40/5400+30:1800+30"]

1. e4 {[%emt 0:00:00]} e5 {[%emt 0:00:00]} 2. Nf3 {[%emt 0:00:00]} Nc6 {[%emt 0:00:00]} 3. Bc4 {[%emt 0:00:00]} Bc5 {[%emt 0:00:08]} 4. c3 {[%emt 0:00:00]} Nf6 {[%emt 0:00:09]} 5. d4 {[%emt 0:00:00]} exd4 {[%emt 0:00:14]} 6. e5 {[%emt 0:00:01]} d5 {[%emt 0:00:32]} 7. Be2 {[%emt 0:00:05]} Ne4 {[%emt 0:03:08]} 8. cxd4 {[%emt 0:00:05]} Bb4+ {[%emt 0:00:40]} 9. Bd2 {[%emt 0:00:04]} Nxd2 {[%emt 0:01:10]} 10. Nbxd2 {[%emt 0:00:04]} O-O {[%emt 0:05:48]} 11. O-O {[%emt 0:00:16]} Bg4 {[%emt 0:07:08]} 12. a3 {[%emt 0:04:02] C54: Giuoco Piano: 4 c3 Nf6, main lines with 5 d4 and 5 d3} (12. h3 Bxf3 13. Nxf3 Ba5 14. Rc1 Bb6 15. Bb5 Ne7 16. Bd3 Ng6 17. g3 Re8 18. Kg2 Nf8 19. Bb1 Ne6 {1-0 (37) Nevednichy,V (2532)-Pisu,R (2254) Olanesti 2018}) 12... Be7 {[%emt 0:01:14]} 13. Nb3 {[%emt 0:03:48]} a5 {[%emt 0:01:37]} 14. Rc1 {[%emt 0:02:20]} f6 $146 {[%emt 0:10:42]} ({Predecessor:} 14... Nb8 15. Ne1 Bf5 16. Bd3 Bxd3 17. Nxd3 Nd7 18. f4 f5 19. Re1 c6 {1-0 (32) Vucinic,G (2294)-Besedes,D (1974) Stari Banovci 2013}) 15. h3 {[%emt 0:03:30]} Bh5 {[%emt 0:01:44]} 16. Nc5 {[%emt 0:06:24]} Bxc5 {[%emt 0:00:44]} 17. Rxc5 {[%emt 0:00:07]} Ne7 {[%emt 0:01:35]} 18. exf6 {[%emt 0:17:27]} Rxf6 {[%emt 0:00:59]} 19. Ne5 {[%emt 0:00:15]} Bxe2 {[%emt 0:03:57]} 20. Qxe2 {[%emt 0:00:03]} c6 {[%emt 0:01:04]} 21. Ng4 {[%emt 0:04:11]} Rg6 {[%emt 0:09:10]} 22. Qe5 {[%emt 0:00:15]} Qd7 $11 {[%emt 0:10:58]} 23. Re1 {[%emt 0:03:33]} Nf5 {[%emt 0:00:40]} 24. Rxa5 {[%emt 0:03:20]} Rf8 {[%emt 0:00:14]} 25. Qf4 {[%emt 0:20:32]} Qd8 {[%emt 0:03:12]} 26. Ra4 {[%emt 0:09:21]} Nh4 {[%emt 0:02:17]} 27. Qe5 {[%emt 0:04:06]} h5 {[%emt 0:03:21]} 28. Qxh5 {[%emt 0:00:46]} Rf5 {[%emt 0:00:13]} 29. Ra8 {[%emt 0:00:46]} Qxa8 {[%emt 0:00:22]} 30. Qxh4 {[%emt 0:00:02]} Qf8 {[%emt 0:03:18]} 31. Re7 {[%emt 0:02:15]} b6 {[%emt 0:01:39]} 32. Rd7 {[%emt 0:02:26]} Rd6 {[%emt 0:01:49]} 33. Rb7 {[%emt 0:07:58]} c5 {[%emt 0:15:12]} 34. Qg3 {[%emt 0:02:00]} Rf4 {[%emt 0:05:37]} 35. Ne5 {[%emt 0:03:38]} Rxd4 {[%emt 0:01:18]} 36. Ng6 {[%emt 0:00:13]} Qf6 {[%emt 0:00:56]} 37. Ne7+ {[%emt 0:00:20]} Kh8 {[%emt 0:01:19]} 38. Nf5 {[%emt 0:01:26]} Rd1+ {[%emt 0:00:18]} 39. Kh2 {[%emt 0:00:07]} Rd8 {[%emt 0:01:16]} 40. Rxg7 {[%emt 0:02:05]} Re8 {[%emt 0:03:33]} 41. Rg6 {[%emt 0:30:53]} 1-0

[Event "WJCC U20 Girls 2019"]
[Site "New Delhi"]
[Date "2019.10.17"]
[Round "3.30"]
[White "Nastase, Andreea-Cristina"]
[Black "Ananya, Suresh"]
[Result "1-0"]
[WhiteElo "2077"]
[BlackElo "1896"]
[Annotator "NA"]
[PlyCount "47"]
[EventDate "2019.10.15"]
[EventType "swiss"]
[EventCountry "IND"]
[SourceTitle "playchess.com"]
[Source "ChessBase"]
[SourceQuality "1"]
[TimeControl "40/5400+30:1800+30"]

1. d4 {[%emt 0:00:00]} g6 {[%emt 0:00:00]} 2. c4 {[%emt 0:00:00]} Bg7 {[%emt 0:00:00]} 3. Nc3 {[%emt 0:00:00]} c5 {[%emt 0:00:27]} 4. d5 {[%emt 0:01:28]} d6 {[%emt 0:00:46]} 5. e4 {[%emt 0:00:33]} Nf6 {[%emt 0:01:22]} 6. f3 {[%emt 0:00:29]} O-O {[%emt 0:01:18]} 7. Bg5 {[%emt 0:00:14]} Nbd7 {[%emt 0:00:46]} 8. Nh3 {[%emt 0:00:19]} a6 {[%emt 0:00:57]} 9. Qd2 {[%emt 0:00:11]} Ne5 {[%emt 0:01:11]} 10. Nf2 {[%emt 0:00:09]} Rb8 {[%emt 0:01:16]} 11. Be2 {[%emt 0:04:10]} Qa5 {[%emt 0:14:56]} 12. O-O {[%emt 0:09:31]} b5 {[%emt 0:07:55]} 13. cxb5 {[%emt 0:00:05]} axb5 {[%emt 0:00:07]} 14. Bh6 {[%emt 0:01:29]} b4 {[%emt 0:07:11]} 15. Bxg7 {[%emt 0:00:57]} Kxg7 {[%emt 0:00:30]} 16. Ncd1 {[%emt 0:00:05]} Ba6 {[%emt 0:12:09]} 17. Bxa6 {[%emt 0:01:32]} Qxa6 {[%emt 0:04:13]} 18. Ne3 {[%emt 0:00:16]} Rfc8 {[%emt 0:01:02]} 19. f4 {[%emt 0:00:32]} Nc4 {[%emt 0:03:44]} 20. Qe2 {[%emt 0:01:04]} e6 {[%emt 0:18:26]} 21. Qxc4 {[%emt 0:00:44]} Qxc4 {[%emt 0:00:23]} 22. Nxc4 {[%emt 0:00:02]} exd5 {[%emt 0:00:12]} 23. exd5 {[%emt 0:00:03]} Nxd5 {[%emt 0:00:11]} 24. Ne4 {[%emt 0:00:26]} 1-0

[Event "WJCC U20 Girls 2019"]
[Site "New Delhi"]
[Date "2019.10.17"]
[Round "3.31"]
[White "Zhang, Xiao"]
[Black "Bhagyashree Patil"]
[Result "1/2-1/2"]
[WhiteElo "2053"]
[BlackElo "1802"]
[Annotator "NA RC"]
[PlyCount "96"]
[EventDate "2019.10.15"]
[EventType "swiss"]
[EventCountry "IND"]
[SourceTitle "playchess.com"]
[Source "ChessBase"]
[SourceQuality "1"]
[TimeControl "40/5400+30:1800+30"]

1. d4 {[%emt 0:00:00]} d5 {[%emt 0:00:00]} 2. Nf3 {[%emt 0:00:00]} Nf6 {[%emt 0:00:00]} 3. g3 {[%emt 0:00:00]} e6 {[%emt 0:00:54]} 4. Bg2 {[%emt 0:00:00]} Be7 {[%emt 0:00:27]} 5. O-O {[%emt 0:00:03]} O-O {[%emt 0:00:05]} 6. c4 {[%emt 0:00:04]} b6 {[%emt 0:01:18]} 7. cxd5 {[%emt 0:05:26]} exd5 {[%emt 0:00:59]} 8. Nc3 {[%emt 0:00:07]} Bb7 {[%emt 0:00:05]} 9. Bf4 {[%emt 0:00:31]} Nbd7 {[%emt 0:06:43]} 10. Rc1 {[%emt 0:00:35]} c6 {[%emt 0:05:23]} 11. Ne5 {[%emt 0:05:59]} Re8 {[%emt 0:12:42]} 12. e4 {[%emt 0:02:28] E18: Queen's Indian: Old Main Line (4 g3 Bb7 5 Bg2 Be7 6 0-0 0-0 7 Nc3)} (12. Qa4 Nxe5 13. Bxe5 Bd6 14. Bxf6 Qxf6 15. e4 b5 16. Qc2 b4 17. e5 Qd8 18. Na4 Bf8 19. Nc5 Bc8 {1-0 (35) Teske,H (2538)-Seils,J (2350) Germany 2013}) 12... dxe4 {[%emt 0:04:35]} 13. Nxe4 {[%emt 0:00:18]} Nxe5 {[%emt 0:02:09]} 14. dxe5 {[%emt 0:08:21]} Nd5 {[%emt 0:06:05]} 15. Qa4 $146 {[%emt 0:04:39]} ({Predecessor:} 15. Qg4 Qc8 16. Qh5 Qe6 17. Bh3 Nxf4 18. gxf4 Qg6+ 19. Qxg6 hxg6 {1-0 (49) Schulz,K (2324)-Plotkin,V (2248) Dresden 2018}) 15... Nxf4 {[%emt 0:04:24]} 16. gxf4 {[%emt 0:00:03]} Qc7 {[%emt 0:00:42]} 17. Rfd1 {[%emt 0:04:51]} Red8 {[%emt 0:05:28]} 18. Rxd8+ {[%emt 0:00:19]} Rxd8 {[%emt 0:00:26]} 19. Ng3 {[%emt 0:00:05]} Bc5 {[%emt 0:02:24]} 20. b4 {[%emt 0:08:03]} Rd4 {[%emt 0:07:21]} 21. Qxa7 {[%emt 0:00:12]} Rxb4 {[%emt 0:00:04]} 22. Ne4 {[%emt 0:00:05]} h6 {[%emt 0:00:38]} 23. a3 {[%emt 0:02:00]} Rb5 {[%emt 0:04:20]} 24. Nxc5 {[%emt 0:11:45]} bxc5 {[%emt 0:00:43]} 25. Qa4 {[%emt 0:00:10]} Bc8 {[%emt 0:02:36]} 26. Qe4 {[%emt 0:00:46]} Ra5 {[%emt 0:02:37]} 27. a4 {[%emt 0:01:35]} Be6 {[%emt 0:01:02]} 28. Qxc6 {[%emt 0:04:46]} Qxc6 {[%emt 0:00:14]} 29. Bxc6 {[%emt 0:00:05]} Bb3 {[%emt 0:00:09]} 30. Rc3 {[%emt 0:00:22]} c4 {[%emt 0:00:53]} 31. Bb5 {[%emt 0:01:58]} Ra8 {[%emt 0:02:15]} 32. Bxc4 {[%emt 0:05:31]} Bxa4 {[%emt 0:00:13]} 33. f5 {[%emt 0:00:13]} Re8 {[%emt 0:02:47]} 34. e6 {[%emt 0:02:06]} fxe6 {[%emt 0:00:04]} 35. fxe6 {[%emt 0:00:06]} Re7 {[%emt 0:02:27]} 36. Kg2 {[%emt 0:01:28]} g5 {[%emt 0:03:53]} 37. Kf3 {[%emt 0:00:37]} Bc6+ {[%emt 0:00:15]} 38. Kg4 {[%emt 0:01:38]} Be4 {[%emt 0:00:51]} 39. Re3 {[%emt 0:00:27]} Bg6 {[%emt 0:00:18]} 40. h4 {[%emt 0:01:39]} gxh4 {[%emt 0:00:30]} 41. f4 {[%emt 0:30:24]} Kg7 {[%emt 0:30:43]} 42. f5 {[%emt 0:00:18]} Bh7 {[%emt 0:02:04]} 43. Bd3 {[%emt 0:03:48]} Kf6 {[%emt 0:00:39]} 44. Rf3 {[%emt 0:03:02]} Rg7+ {[%emt 0:03:29]} 45. Kxh4 {[%emt 0:00:17]} Rg1 {[%emt 0:00:07]} 46. Re3 {[%emt 0:00:48]} Rg7 {[%emt 0:00:38]} 47. Kh5 {[%emt 0:07:22]} Ra7 {[%emt 0:07:47]} 48. Bc2 {[%emt 0:00:00]} Rc7 $14 {[%emt 0:00:00]} 1/2-1/2

[Event "WJCC U20 Girls 2019"]
[Site "New Delhi"]
[Date "2019.10.17"]
[Round "3.32"]
[White "Zhu, Jiner"]
[Black "Mirza, Diana"]
[Result "1-0"]
[WhiteElo "2507"]
[BlackElo "1986"]
[Annotator "TA"]
[PlyCount "77"]
[EventDate "2019.10.15"]
[EventType "swiss"]
[EventCountry "IND"]
[SourceTitle "playchess.com"]
[Source "ChessBase"]
[SourceQuality "1"]

{[%evp 9,77,0,10,8,15,9,0,0,19,6,15,0,0,5,52,45,46,42,81,82,83,87,101,91,97,79,216,224,279,184,202,190,192,188,177,186,177,150,150,142,146,146,149,146,146,144,150,103,135,141,196,146,286,298,464,510,495,481,500,490,1015,2132,1720,1640,1722,1380,29988,29989,29990,29991]} 1. b4 e5 2. Bb2 Bxb4 3. Bxe5 Nf6 4. Nf3 Nc6 5. Bb2 d5 6. e3 {A00: Irregular Openings} O-O 7. Be2 Bf5 (7... Bg4 8. O-O Bd6 9. d3 Re8 10. Nbd2 Ne5 11. Rb1 Rb8 12. Bd4 Nxf3+ 13. Bxf3 Bxf3 14. Qxf3 {1-0 (53) Bauer,C (2647)-Boyer,M (2318) Nancy 2019}) 8. O-O {The position is equal.} h6 9. d3 Qe7 10. a3 $146 ({Predecessor:} 10. Nbd2 Rad8 11. Rb1 b6 12. c3 Ba3 13. Ba1 Bd6 {0-1 (47) Czyz,A (2000)-Roszkiewicz,A (1612) Poznan 2019}) 10... Bd6 11. Nbd2 Nd7 12. c4 dxc4 $1 13. Nxc4 Nde5 14. Nfxe5 Nxe5 15. Nxd6 Qxd6 16. e4 Be6 17. d4 Nc4 (17... Ng6 $16 {might work better.}) 18. Bc3 $18 {d5 is the strong threat.} c6 19. Bb4 Qd7 20. Bxf8 Rxf8 21. Bxc4 Bxc4 22. Re1 Rd8 23. Qb1 b5 24. Rd1 Qe6 25. Rd2 a5 26. Qc2 a4 27. Re1 {[%cal Ba1e1,Be1e3,Be3g3][%mdl 32]} Qd6 28. Re3 Bb3 29. Qb2 Qg6 (29... b4 $16 {was called for.}) 30. h3 Re8 (30... Qd6 $16 31. d5 f6) 31. d5 {[#] Threatens to win with Rg3.} cxd5 (31... Qd6 {is a better defense.} 32. e5 Qc5) 32. Rg3 Qh7 33. exd5 g5 34. d6 f5 (34... Qg7 $142 35. d7 Rd8) 35. d7 (35. Re3 $142 Rd8 36. Qf6) 35... Rd8 36. Qe5 {[#] White threatens Qe8+ and mate.} Qf7 37. Qc7 Qf6 38. Re3 Bf7 39. Rd6 {Accuracy: White = 91%, Black = 24%.} 1-0

[Event "WJCC U20 Girls 2019"]
[Site "New Delhi"]
[Date "2019.10.17"]
[Round "3.33"]
[White "Song, Yuxin"]
[Black "Arushi Kotwal"]
[Result "1-0"]
[WhiteElo "2292"]
[BlackElo "1657"]
[Annotator "ChessBase"]
[PlyCount "93"]
[EventDate "2019.10.15"]
[EventType "swiss"]
[EventCountry "IND"]
[SourceTitle "playchess.com"]
[Source "ChessBase"]
[SourceQuality "1"]
[TimeControl "40/5400+30:1800+30"]

1. d4 {[%emt 0:00:00]} Nf6 {[%emt 0:00:00]} 2. Nf3 {[%emt 0:00:00]} g6 {[%emt 0:00:00]} 3. Nbd2 {[%emt 0:00:00]} d5 {[%emt 0:00:00]} 4. e3 {[%emt 0:00:00]} Bg7 {[%emt 0:00:00]} 5. b4 {[%emt 0:00:02]} c6 {[%emt 0:00:14]} 6. a4 {[%emt 0:01:53]} a5 {[%emt 0:04:12]} 7. b5 {[%emt 0:00:08]} c5 {[%emt 0:03:09]} 8. c3 {[%emt 0:15:56]} Nbd7 {[%emt 0:09:29]} 9. Ba3 {[%emt 0:04:22]} cxd4 {[%emt 0:07:32]} 10. cxd4 {[%emt 0:01:55]} O-O {[%emt 0:02:30]} 11. Qc2 {[%emt 0:02:14]} Nb6 {[%emt 0:06:24]} 12. Bd3 {[%emt 0:01:09]} Be6 {[%emt 0:03:29]} 13. Ng5 {[%emt 0:06:25]} Bd7 {[%emt 0:01:46]} 14. Bc5 {[%emt 0:09:21]} h6 {[%emt 0:03:51]} 15. Ngf3 {[%emt 0:00:35]} Be6 {[%emt 0:01:04]} 16. Qb3 {[%emt 0:10:36]} Ne4 {[%emt 0:04:39]} 17. Rc1 {[%emt 0:00:59]} Rc8 {[%emt 0:04:35]} 18. O-O {[%emt 0:00:25]} Nxc5 {[%emt 0:24:48]} 19. Rxc5 {[%emt 0:07:11]} Nd7 {[%emt 0:01:22]} 20. Rxc8 {[%emt 0:01:07]} Qxc8 {[%emt 0:00:07]} 21. Qa3 {[%emt 0:00:07]} Bf6 {[%emt 0:00:41]} 22. Rc1 {[%emt 0:01:50]} Qa8 {[%emt 0:01:32]} 23. e4 {[%emt 0:01:13]} dxe4 {[%emt 0:04:55]} 24. Nxe4 {[%emt 0:00:20]} Rc8 {[%emt 0:04:07]} 25. Re1 {[%emt 0:03:42]} Re8 {[%emt 0:02:56]} 26. Nxf6+ {[%emt 0:03:43]} exf6 {[%emt 0:00:56]} 27. Qc1 {[%emt 0:00:05]} Kg7 {[%emt 0:00:15]} 28. Qc7 {[%emt 0:00:12]} Rc8 {[%emt 0:01:08]} 29. Qd6 {[%emt 0:06:44]} Qb8 {[%emt 0:00:26]} 30. Rxe6 {[%emt 0:00:15]} Rc1+ {[%emt 0:03:44]} 31. Bf1 {[%emt 0:00:07]} fxe6 {[%emt 0:02:57]} 32. Qxd7+ {[%emt 0:00:05]} Kh8 {[%emt 0:01:03]} 33. Qxe6 {[%emt 0:05:13]} Qd8 {[%emt 0:00:23]} 34. Qe3 {[%emt 0:00:21]} Ra1 {[%emt 0:01:03]} 35. Qxh6+ {[%emt 0:00:21]} Kg8 {[%emt 0:00:05]} 36. Qxg6+ {[%emt 0:00:10]} Kf8 {[%emt 0:00:15]} 37. h4 {[%emt 0:00:34]} Qe7 {[%emt 0:00:39]} 38. h5 {[%emt 0:00:24]} Qg7 {[%emt 0:00:23]} 39. Qf5 {[%emt 0:00:38]} Rxa4 {[%emt 0:00:42]} 40. Qc8+ {[%emt 0:00:08]} Ke7 {[%emt 0:00:23]} 41. Qxb7+ {[%emt 0:30:43]} Kf8 {[%emt 0:30:06]} 42. Qc8+ {[%emt 0:00:13]} Ke7 {[%emt 0:00:11]} 43. b6 {[%emt 0:00:17]} Rb4 {[%emt 0:01:05]} 44. b7 {[%emt 0:00:46]} Qf8 {[%emt 0:00:15]} 45. Qc5+ {[%emt 0:00:16]} Kf7 {[%emt 0:00:17]} 46. Bc4+ {[%emt 0:00:06]} Kg7 {[%emt 0:00:13]} 47. h6+ {[%emt 0:00:04]} 1-0